Otázniky povinného sociálneho fondu Od 1. septembra vstúpi do platnosti zákon NR SR č.152/1994 Z.z., prijatie ktorého iniciovali odbory

Kritika prijatého poslaneckého návrhu zákona o sociálnom fonde (prijatý v máji 1994, platný od 1.9.1994), ktorý nahrádza bývalý FKSP. Povinnosti každého zamestnávateľa pri tvorbe fondu (podnikateľské i nepodnikateľské subjekty). Príspevky pre každého zamestnanca. Použitie fondu.

Gespeichert in:
Bibliographische Detailangaben
1. Verfasser: Svoreňová, Mária
Format: Buchkapitel
Sprache:Slowakisch
Schlagworte:
Tags: Tag hinzufügen
Keine Tags, Fügen Sie das erste Tag hinzu!

MARC

LEADER 00000naa a2200000 4500
001 r015783
005 20221213114627.0
041 0 |a slo 
044 |a SK 
245 1 0 |a Otázniky povinného sociálneho fondu  |b Od 1. septembra vstúpi do platnosti zákon NR SR č.152/1994 Z.z., prijatie ktorého iniciovali odbory  |c Mária Svoreňová 
520 |a Kritika prijatého poslaneckého návrhu zákona o sociálnom fonde (prijatý v máji 1994, platný od 1.9.1994), ktorý nahrádza bývalý FKSP. Povinnosti každého zamestnávateľa pri tvorbe fondu (podnikateľské i nepodnikateľské subjekty). Príspevky pre každého zamestnanca. Použitie fondu. 
610 2 0 |a fondy podnikové podporné 
610 2 0 |a politika sociálna podniková 
610 2 0 |a zákony 
610 2 0 |a Slovensko 
610 2 0 |a 1994 
100 1 |a Svoreňová, Mária